<?xml version="1.0" encoding="UTF-8"?><?xml-stylesheet type="text/xsl" href="static/style.xsl"?><OAI-PMH xmlns="http://www.openarchives.org/OAI/2.0/" xmlns:xsi="http://www.w3.org/2001/XMLSchema-instance" xsi:schemaLocation="http://www.openarchives.org/OAI/2.0/ http://www.openarchives.org/OAI/2.0/OAI-PMH.xsd"><responseDate>2026-06-06T17:42:41Z</responseDate><request verb="GetRecord" identifier="oai:riuma.uma.es:10630/32318" metadataPrefix="marc">https://riuma.uma.es/rest/oai/request</request><GetRecord><record><header><identifier>oai:riuma.uma.es:10630/32318</identifier><datestamp>2026-02-03T11:35:31Z</datestamp><setSpec>com_10630_2254</setSpec><setSpec>col_10630_37953</setSpec></header><metadata><record xmlns="http://www.loc.gov/MARC21/slim" xmlns:dcterms="http://purl.org/dc/terms/" xmlns:doc="http://www.lyncode.com/xoai" xmlns:xsi="http://www.w3.org/2001/XMLSchema-instance" xsi:schemaLocation="http://www.loc.gov/MARC21/slim http://www.loc.gov/standards/marcxml/schema/MARC21slim.xsd">
   <leader>00925njm 22002777a 4500</leader>
   <datafield ind2=" " ind1=" " tag="042">
      <subfield code="a">dc</subfield>
   </datafield>
   <datafield ind2=" " ind1=" " tag="720">
      <subfield code="a">Garone, Caterina</subfield>
      <subfield code="e">author</subfield>
   </datafield>
   <datafield ind2=" " ind1=" " tag="720">
      <subfield code="a">Donati, Maria Alice</subfield>
      <subfield code="e">author</subfield>
   </datafield>
   <datafield ind2=" " ind1=" " tag="720">
      <subfield code="a">Sacchini, Michele</subfield>
      <subfield code="e">author</subfield>
   </datafield>
   <datafield ind2=" " ind1=" " tag="720">
      <subfield code="a">Garcia Diaz, Beatriz</subfield>
      <subfield code="e">author</subfield>
   </datafield>
   <datafield ind2=" " ind1=" " tag="720">
      <subfield code="a">Bruno, Claudio</subfield>
      <subfield code="e">author</subfield>
   </datafield>
   <datafield ind2=" " ind1=" " tag="720">
      <subfield code="a">Calvo, Sarah</subfield>
      <subfield code="e">author</subfield>
   </datafield>
   <datafield ind2=" " ind1=" " tag="720">
      <subfield code="a">Mootha, Vamsi K</subfield>
      <subfield code="e">author</subfield>
   </datafield>
   <datafield ind2=" " ind1=" " tag="720">
      <subfield code="a">DiMauro, Salvatore</subfield>
      <subfield code="e">author</subfield>
   </datafield>
   <datafield ind2=" " ind1=" " tag="260">
      <subfield code="c">2013</subfield>
   </datafield>
   <datafield ind2=" " ind1=" " tag="520">
      <subfield code="a">Importance  Mendelian forms of complex I deficiency are usually associated with fatal infantile encephalomyopathy. Application of “MitoExome” sequencing (deep sequencing of the entire mitochondrial genome and the coding exons of >1000 nuclear genes encoding the mitochondrial proteome) allowed us to reveal an unusual clinical variant of complex I deficiency due to a novel homozygous mutation in ACAD9. The patient had an infantile-onset but slowly progressive encephalomyopathy and responded favorably to riboflavin therapy.&#xd;
&#xd;
Observation  A 13-year-old boy had exercise intolerance, weakness, and mild psychomotor delay. Muscle histochemistry showed mitochondrial proliferation, and biochemical analysis revealed severe complex I deficiency (15% of normal). The level of complex I holoprotein was reduced as determined by use of Western blot both in muscle (54%) and in fibroblasts (57%).&#xd;
&#xd;
Conclusions and Relevance  The clinical presentation of complex I deficiency due ACAD9 mutations spans from fatal infantile encephalocardiomyopathy to mild encephalomyopathy. Our data support the notion that ACAD9 functions as a complex I assembly protein. ACAD9 is a flavin adenine dinucleotide–containing flavoprotein, and treatment with riboflavin is advisable.</subfield>
   </datafield>
   <datafield ind1="8" ind2=" " tag="024">
      <subfield code="a">Garone C, Donati MA, Sacchini M, et al. Mitochondrial Encephalomyopathy Due to a Novel Mutation in ACAD9. JAMA Neurol. 2013;70(9):1177–1179. doi:10.1001/jamaneurol.2013.3197</subfield>
   </datafield>
   <datafield ind1="8" ind2=" " tag="024">
      <subfield code="a">https://hdl.handle.net/10630/32318</subfield>
   </datafield>
   <datafield ind1="8" ind2=" " tag="024">
      <subfield code="a">10.1001/jamaneurol.2013.3197</subfield>
   </datafield>
   <datafield tag="653" ind2=" " ind1=" ">
      <subfield code="a">Patología mitocondrial</subfield>
   </datafield>
   <datafield ind2="0" ind1="0" tag="245">
      <subfield code="a">Mitochondrial Encephalomyopathy Due to a Novel Mutation in ACAD9</subfield>
   </datafield>
</record>
</metadata></record></GetRecord></OAI-PMH>